000 00518nam a2200181Ia 4500
003 GCL
008 140319s9999 xx 000 0 ara d
040 _aGCL /
_cGCL
082 0 4 _a641.8
_bو ف
100 1 _aوفاء حمود
245 1 0 _aفن الطهى فى المطبخ الفرنسى /
_cوفاء حمود
300 _a349 ص
490 _aموسوعة عالم الطبخ
_v0
650 0 4 _aالاقتصاد المنزلى
650 0 4 _aالطبخ
650 0 4 _aالطهى الفرنسى
942 _2ddc
_cBK
999 _c44031
_d44031